000 00635nam a22002177a 4500
003 DO-SdBNP
005 20180126111814.0
008 151210b 2007 nyu xxu||||| |||| 00| 0 spa d
020 _a9781423106395
040 _aBPMSU
_bspa
_cBPMSU
092 _axxxx
_bxxxx
100 1 _aGrace, N. B.
245 1 0 _aDisney high school musical 2 :
_bthe junior novel /
_cadapted by N.B. Grace.
260 _aNew York :
_bDisney Press,
_c2007.
300 _a137 p. :
_bil. ;
_c20 cm.
700 1 2 _aBarsocchini, Peter
910 _a00260
942 _2ddc
_cBK
945 _aInventariado extranjero / 2018 VM
956 _aLorenza Pérez
_b10
999 _c9095
_d9095